Statistics for Queen Studio Albums

Click here to take the quiz!

General Stats

  • This quiz has been taken 702 times
  • The average score is 14 of 20

Answer Stats

Hint Answer % Correct
1973Queen
96%
1975A Night At The Opera
96%
1974Queen II
92%
1976A Day At The Races
87%
1978Jazz
83%
1991Innuendo
82%
1974Sheer Heart Attack
80%
1977News Of The World
77%
1980The Game
72%
1986A Kind of Magic
70%
1982Hot Space
68%
1980Flash Gordon
67%
1984The Works
67%
1989The Miracle
67%
1995Made In Heaven
65%
1981Greatest Hits
60%
1991Greatest Hits II
51%
1979Live Killers
36%
1999Greatest Hits III
31%
2009Absolute Greatest
10%

Score Distribution

Percentile by Number Answered

Percent of People with Each Score

Your Score History

You have not taken this quiz